|
|
|
|
| LEADER |
01514cas a2200241 a 4500 |
| 001 |
AALejournalIMF000331 |
| 008 |
230101c9999 xx r poo 0 0eng d |
| 020 |
|
|
|c 5.00 USD
|
| 020 |
|
|
|z 9781451845310
|
| 022 |
|
|
|a 1018-5941
|
| 040 |
|
|
|a BD-DhAAL
|c BD-DhAAL
|
| 100 |
1 |
|
|a Debelle, Guy.
|
| 245 |
1 |
0 |
|a Inflation Targeting in Practice /
|c Guy Debelle.
|
| 264 |
|
1 |
|a Washington, D.C. :
|b International Monetary Fund,
|c 1997.
|
| 300 |
|
|
|a 1 online resource (34 pages)
|
| 490 |
1 |
|
|a IMF Working Papers
|
| 500 |
|
|
|a <strong>Off-Campus Access:</strong> No User ID or Password Required
|
| 500 |
|
|
|a <strong>On-Campus Access:</strong> No User ID or Password Required
|
| 506 |
|
|
|a Electronic access restricted to authorized BRAC University faculty, staff and students
|
| 520 |
3 |
|
|a In recent years, an inflation targeting framework for monetary policy has been adopted in a number of industrial countries. This paper discusses the practical issues that have arisen under the operation of the new framework, and highlights five features of the framework: the assignment of the target, the interaction with other policy goals, the definition of the target, accountability and the role of inflation forecasts. The economic performance of the inflation targeting countries thus far is summarized.
|
| 538 |
|
|
|a Mode of access: Internet
|
| 830 |
|
0 |
|a IMF Working Papers; Working Paper ;
|v No. 1997/035
|
| 856 |
4 |
0 |
|z Full text available on IMF
|u http://elibrary.imf.org/view/journals/001/1997/035/001.1997.issue-035-en.xml
|z IMF e-Library
|